| Tag |
First Indicator |
Second Indicator |
Subfields |
| LEADER |
00000cam a2200000Ki 4500 |
| 001 |
in00004580944 |
| 006 |
m o d |
| 007 |
cr cnu---unuuu |
| 008 |
210319s2019 flu o 000 0 eng d |
| 005 |
20220613175749.0 |
| 035 |
|
|
|a (FlBoTFG)9780203734445
|
| 040 |
|
|
|a OCoLC-P
|b eng
|e rda
|e pn
|c OCoLC-P
|
| 020 |
|
|
|a 9780203734445
|q (electronic bk.)
|
| 020 |
|
|
|a 0203734440
|q (electronic bk.)
|
| 020 |
|
|
|a 9781351405690
|q (electronic bk. : Mobipocket)
|
| 020 |
|
|
|a 1351405691
|q (electronic bk. : Mobipocket)
|
| 020 |
|
|
|a 9781351405713
|q (electronic bk. : PDF)
|
| 020 |
|
|
|a 1351405713
|q (electronic bk. : PDF)
|
| 020 |
|
|
|a 9781351405706
|q (electronic bk. : EPUB)
|
| 020 |
|
|
|a 1351405705
|q (electronic bk. : EPUB)
|
| 020 |
|
|
|z 9780367449438
|
| 020 |
|
|
|z 0367449439
|
| 035 |
|
|
|a (OCoLC)1242425267
|
| 035 |
|
|
|a (OCoLC-P)1242425267
|
| 050 |
|
4 |
|a QA649
|
| 072 |
|
7 |
|a MAT
|x 000000
|2 bisacsh
|
| 072 |
|
7 |
|a MAT
|x 012000
|2 bisacsh
|
| 072 |
|
7 |
|a PBM
|2 bicssc
|
| 082 |
0 |
4 |
|a 516.362
|2 23
|
| 100 |
1 |
|
|a Masiello, Antonio,
|e author.
|
| 245 |
1 |
0 |
|a Variational methods in Lorentzian geometry /
|c Antonio Masiello.
|
| 264 |
|
1 |
|a Boca Raton :
|b Chapman and Hall/CRC,
|c 2019.
|
| 300 |
|
|
|a 1 online resource (1 volume)
|
| 336 |
|
|
|a text
|b txt
|2 rdacontent
|
| 337 |
|
|
|a computer
|b c
|2 rdamedia
|
| 338 |
|
|
|a online resource
|b cr
|2 rdacarrier
|
| 520 |
|
|
|a Appliies variational methods and critical point theory on infinite dimenstional manifolds to some problems in Lorentzian geometry which have a variational nature, such as existence and multiplicity results on geodesics and relations between such geodesics and the topology of the manifold.
|
| 588 |
|
|
|a OCLC-licensed vendor bibliographic record.
|
| 650 |
|
0 |
|a Geodesics (Mathematics)
|
| 650 |
|
0 |
|a Critical point theory (Mathematical analysis)
|
| 650 |
|
0 |
|a Morse theory.
|
| 650 |
|
0 |
|a Variational inequalities (Mathematics)
|
| 650 |
|
7 |
|a MATHEMATICS / General
|2 bisacsh
|
| 650 |
|
7 |
|a MATHEMATICS / Geometry / General
|2 bisacsh
|
| 655 |
|
7 |
|a Electronic books.
|2 local
|
| 710 |
1 |
|
|a Taylor & Francis.
|
| 730 |
0 |
|
|a MATHnetBASE.
|
| 856 |
4 |
0 |
|u http://proxy.library.tamu.edu/login?url=https://www.taylorfrancis.com/books/9780203734445
|z Connect to the full text of this electronic book
|t 0
|
| 999 |
f |
f |
|s b569acc3-3e75-49bc-8044-bab89a110d4c
|i b569acc3-3e75-49bc-8044-bab89a110d4c
|t 0
|
| 952 |
f |
f |
|a Texas A&M University
|b College Station
|c Electronic Resources
|d Available Online
|t 0
|e QA649
|h Library of Congress classification
|
| 998 |
f |
f |
|a QA649
|t 0
|l Available Online
|